00305nam a2200109Ia 4500008004100000082000800041100001200049245001800061942000600079952009500085999001500180240331s9999 xx 000 0 und d bMAR aMarx, A 0aVellai thimir cL 001040708LaWERCLbWERCLcSSCd2024-03-31l0o 325 MARp2356r2024-03-31w2024-03-31yL c2541d2541